Educar en la caridad y la justicia /

Збережено в:
Бібліографічні деталі
Автор: Escurra Oroquieta, Florentino (autor)
Формат: Книга
Мова:Іспанська
Опубліковано: Estella, España : Verbo Divino, 2002, c2002
Предмети:
Теги: Додати тег
Немає тегів, Будьте першим, хто поставить тег для цього запису!

MARC

LEADER 00000nam^a2200000^a^4500
001 000136356
005 20250521000000.0
009 20260310095315.74
020 |a 84-8169-577-7 
037 |a Acervo ITESO - Biblioteca 
041 |a ESP 
082 |a 268.  |b EZC 
100 |a Escurra Oroquieta, Florentino  |e (autor) 
245 1 0 |a Educar en la caridad y la justicia /  |c F. Ezcurra Oroquieta. 
264 4 |a Estella, España :  |b Verbo Divino,  |c 2002, c2002 
300 |a 226 p. 
336 |a texto  |b txt  |2 rdacontenido 
337 |a sin mediación  |b n  |2 rdamedio 
338 |a volumen  |b nc  |2 rdasoporte 
649 |a XX 
650 |a Educación para la Paz -  |x Tema Principal 
650 |a Educación y Promoción Popular 
650 |a Caridad 
650 |a Guerra y Paz 
650 |a Pobreza 
650 |a Justicia e Injusticia 
650 |a Derechos Humanos 
650 |a Teología Pastoral 
650 |a Teología Social 
650 |a Iglesia Católica 
650 |a Catolicismo 
650 |a Cristianismo 
650 |a Religión 
910 |a Fondo General 
920 |a Impresos - Libros 
930 |a Colección General 
905 |a 101 
901 |a 0500065121  |b IT1  |c ACC  |u 20250521 
902 |a https://opac.biblio.iteso.mx/vufind/Record/000136356